Ethical issues in business : (Record no. 4808)
[ view plain ]
| 000 -LEADER | |
|---|---|
| fixed length control field | 00925cac a22002411u 4500 |
| 008 - FIXED-LENGTH DATA ELEMENTS--GENERAL INFORMATION | |
| fixed length control field | 081113t2008 xxu||||| |||| 00| 0 eng d |
| 010 ## - LIBRARY OF CONGRESS CONTROL NUMBER | |
| LC control number | 2007013459 |
| 020 ## - INTERNATIONAL STANDARD BOOK NUMBER | |
| International Standard Book Number | 9780131846197 |
| 020 ## - INTERNATIONAL STANDARD BOOK NUMBER | |
| International Standard Book Number | 0131846191 |
| 082 00 - DEWEY DECIMAL CLASSIFICATION NUMBER | |
| Classification number | 174.4 |
| Item number | ETH |
| Edition number | 22 |
| 245 00 - TITLE STATEMENT | |
| Title | Ethical issues in business : |
| Remainder of title | a philosophical approach / |
| Statement of responsibility, etc | [edited by] Thomas Donaldson, Patricia H. Werhane, Joseph Van Zandt. |
| 250 ## - EDITION STATEMENT | |
| Edition statement | 8th ed. |
| 260 ## - PUBLICATION, DISTRIBUTION, ETC. (IMPRINT) | |
| Place of publication, distribution, etc | Upper Saddle River, N.J. : |
| Name of publisher, distributor, etc | Pearson Prentice Hall, |
| Date of publication, distribution, etc | 2008. |
| 300 ## - PHYSICAL DESCRIPTION | |
| Extent | p. cm. |
| 504 ## - BIBLIOGRAPHY, ETC. NOTE | |
| Bibliography, etc | Includes bibliographical references. |
| 650 #0 - SUBJECT ADDED ENTRY--TOPICAL TERM | |
| Topical term or geographic name as entry element | Business ethics |
| Form subdivision | Case studies. |
| 9 (RLIN) | 28232 |
| 650 #0 - SUBJECT ADDED ENTRY--TOPICAL TERM | |
| Topical term or geographic name as entry element | Social responsibility of business |
| Form subdivision | Case studies. |
| 9 (RLIN) | 28233 |
| 700 1# - ADDED ENTRY--PERSONAL NAME | |
| Personal name | Werhane, Patricia Hogue. |
| 9 (RLIN) | 28234 |
| 700 1# - ADDED ENTRY--PERSONAL NAME | |
| Personal name | Van Zandt, Joseph. |
| 9 (RLIN) | 28235 |
| 700 1# - ADDED ENTRY--PERSONAL NAME | |
| Personal name | Donaldson, Thomas |
| 9 (RLIN) | 1148 |
| 856 41 - ELECTRONIC LOCATION AND ACCESS | |
| Materials specified | Table of contents only |
| Uniform Resource Identifier | <a href="http://www.loc.gov/catdir/toc/ecip0714/2007013459.html">http://www.loc.gov/catdir/toc/ecip0714/2007013459.html</a> |
| 942 ## - ADDED ENTRY ELEMENTS (KOHA) | |
| Item type | Book - Borrowing |
| Call number prefix | 174.4D6761 |
| Source of classification or shelving scheme | Dewey Decimal Classification |
| Withdrawn status | Item status | Source of classification or shelving scheme | Damaged status | Not for loan | Vendor | Home library | Current library | Shelving location | Date acquired | Source of acquisition | Cost, normal purchase price | Total Checkouts | Total Renewals | Full call number | Barcode | Date last seen | Date last borrowed | Cost, replacement price | Koha item type |
|---|---|---|---|---|---|---|---|---|---|---|---|---|---|---|---|---|---|---|---|
| Dewey Decimal Classification | Central Library | Central Library | Lower Floor | 20/09/2007 | 180.00 | 8 | 2 | 174.4 ETH | 000005788 | 15/07/2025 | 17/02/2019 | 225.00 | Book - Borrowing | ||||||
| Central Library | Central Library | Lower Floor | 20/09/2007 | Purchase | 8 | 1 | 174.4 ETH | 000005787 | 15/07/2025 | 27/02/2014 | Book - Borrowing | ||||||||
| Central Library | Central Library | Lower Floor | 20/09/2007 | Purchase | 7 | 10 | 174.4 ETH | 000005786 | 15/07/2025 | 20/02/2017 | Book - Borrowing | ||||||||
| Lost and Paid For | Central Library | Central Library | Lower Floor | 20/09/2007 | Purchase | 1 | 4 | 174.4 ETH | 000005785 | 22/08/2011 | Book - Borrowing | ||||||||
| Central Library | Central Library | Lower Floor | 20/09/2007 | Purchase | 2 | 174.4 ETH | 000005784 | 15/07/2025 | 15/12/2008 | NB - Book (Non borrowing) |